[Event "CRO-chT1B 30th"]
[Site "Porec"]
[Date "2022.09.25"]
[Round "2.34"]
[White "Makovec, Bruno"]
[Black "Vojak, Daniel"]
[Result "1/2-1/2"]
[WhiteElo "2258"]
[BlackElo "2300"]
[PlyCount "84"]
[EventDate "2022.09.24"]
[EventType "team-tourn"]
[EventRounds "9"]
[EventCountry "CRO"]
[SourceTitle "CBM 210 Extra"]
[Source "ChessBase"]
[SourceDate "2022.11.30"]
[SourceVersion "1"]
[SourceVersionDate "2022.11.30"]
[SourceQuality "1"]
[WhiteTeam "Mihovljan Sloboda"]
[BlackTeam "Sveta Nedelja"]
[WhiteTeamCountry "CRO"]
[BlackTeamCountry "CRO"]

1. d4 d5 2. c4 dxc4 3. e3 Nf6 4. Bxc4 e6 5. Nf3 c5 6. 0-0 Nc6 7. Qe2 a6 8. Nc3 b5 9. Bb3 Be7 10. Rd1 0-0 11. dxc5 Qc7 12. h3 Bxc5 13. e4 Bb7 14. e5 Nd7 15. Bf4 Ne7 16. Ne4 Bxe4 17. Qxe4 Ng6 18. Bg3 Rfd8 19. Rac1 Qa7 20. Ng5 Ndf8 21. Nf3 Ne7 22. Nh4 Qb6 23. Bc2 Bd4 24. b3 Bb2 25. Rb1 Rxd1+ 26. Rxd1 Nd5 27. Qf3 Rc8 28. Bb1 Rc3 29. Rd3 Rxd3 30. Qxd3 Qc5 31. Qc2 Qxc2 32. Bxc2 b4 33. Bd3 a5 34. Nf3 Nc3 35. Nd2 Nxa2 36. Nc4 Bd4 37. Nxa5 Nd7 38. Nc6 Bc5 39. Kf1 Nc3 40. Bf4 h6 41. Bd2 Nd5 42. Bc4 N7b6 1/2-1/2

[Event "CRO Topla Voda Cup"]
[Site "Tuhovec"]
[Date "2022.08.06"]
[Round "5.3"]
[White "Fijok, Velimir"]
[Black "Makovec, Bruno"]
[Result "0-1"]
[WhiteElo "1600"]
[BlackElo "2271"]
[PlyCount "58"]
[EventDate "2022.08.06"]
[EventType "team-tourn (blitz)"]
[EventRounds "11"]
[EventCountry "CRO"]
[SourceTitle "CBM 209 Extra"]
[Source "ChessBase"]
[SourceDate "2022.09.30"]
[SourceVersion "1"]
[SourceVersionDate "2022.09.30"]
[SourceQuality "1"]
[WhiteTeam "Ludbreg"]
[BlackTeam "Mihovljan Sloboda"]
[WhiteTeamCountry "CRO"]
[BlackTeamCountry "CRO"]

1. e4 c6 2. d4 d5 3. e5 Bf5 4. Bd3 Bxd3 5. Qxd3 Qa5+ 6. Bd2 Qa6 7. Qxa6 Nxa6 8. c3 e6 9. Nf3 c5 10. 0-0 Ne7 11. Be3 Nf5 12. Nbd2 Be7 13. Bg5 f6 14. exf6 gxf6 15. Bf4 Kf7 16. Rae1 cxd4 17. cxd4 Nb4 18. a3 Nc2 19. Rc1 Ncxd4 20. Nxd4 Nxd4 21. Rc7 Ne2+ 22. Kh1 Nxf4 23. Rxb7 Rhb8 24. Rxb8 Rxb8 25. b4 Rc8 26. g3 Nd3 27. Kg2 Rc2 28. Rd1 Bd8 29. Rf1 Rxd2 0-1

[Event "CRO Topla Voda Cup"]
[Site "Tuhovec"]
[Date "2022.08.06"]
[Round "4.3"]
[White "Makovec, Bruno"]
[Black "Matkun, Borna"]
[Result "1-0"]
[WhiteElo "2271"]
[BlackElo "1424"]
[PlyCount "46"]
[EventDate "2022.08.06"]
[EventType "team-tourn (blitz)"]
[EventRounds "11"]
[EventCountry "CRO"]
[SourceTitle "CBM 209 Extra"]
[Source "ChessBase"]
[SourceDate "2022.09.30"]
[SourceVersion "1"]
[SourceVersionDate "2022.09.30"]
[SourceQuality "1"]
[WhiteTeam "Mihovljan Sloboda"]
[BlackTeam "Var Toplice Mladost II"]
[WhiteTeamCountry "CRO"]
[BlackTeamCountry "CRO"]

1. e4 e5 2. Nf3 Nc6 3. Bc4 Nf6 4. d3 d6 5. a4 a6 6. 0-0 Be7 7. h3 0-0 8. c3 b6 9. Nbd2 Bb7 10. Re1 h6 11. b4 Nb8 12. Nf1 Nbd7 13. Ng3 a5 14. b5 Nc5 15. Qc2 Nh7 16. Nf5 Bg5 17. Nxg5 Nxg5 18. Qe2 Qf6 19. h4 Nge6 20. Qg4 Kh8 21. g3 Rad8 22. Ne3 Rde8 23. Ba3 Nxa4 1-0

[Event "Titled Tuesday intern op 26th Jul Early"]
[Site "Chess.com INT"]
[Date "2022.07.26"]
[Round "4"]
[White "Makovec, Bruno"]
[Black "Korchmar, Vasiliy"]
[Result "1-0"]
[WhiteElo "2258"]
[BlackElo "2450"]
[PlyCount "173"]
[EventDate "2022.07.26"]
[EventType "swiss (blitz)"]
[EventRounds "11"]
[EventCountry "USA"]
[SourceTitle "EXT 2023"]
[Source "ChessBase"]
[SourceDate "2022.10.05"]
[SourceVersion "1"]
[SourceVersionDate "2022.10.05"]
[SourceQuality "1"]

1. d4 d5 2. Nf3 Nf6 3. c4 c6 4. e3 e6 5. b3 Ne4 6. Bd3 Bb4+ 7. Nbd2 Nd7 8. 0-0 f5 9. a3 Bd6 10. Bb2 Qf6 11. b4 0-0 12. b5 g5 13. Rc1 g4 14. Ne1 Bxh2+ 15. Kxh2 Qh4+ 16. Kg1 Rf6 17. g3 Qh3 18. Ng2 Rh6 19. Nh4 Nf8 20. Re1 Nxg3 21. fxg3 Qxg3+ 22. Ng2 Ng6 23. Nf1 Qh3 24. Rc2 g3 25. Nxg3 Qxg3 26. Rf2 Bd7 27. Qf3 Qh2+ 28. Kf1 cxb5 29. cxb5 Rc8 30. Nf4 Qh1+ 31. Ke2 Qxf3+ 32. Rxf3 Rh2+ 33. Rf2 Nxf4+ 34. exf4 Rh3 35. Kd2 Kf7 36. Rfe2 Rg8 37. Re3 Rg2+ 38. R1e2 Rxe2+ 39. Rxe2 Rh4 40. Ke3 Rh3+ 41. Kd2 Rh4 42. Rf2 h5 43. Bc1 Rh1 44. Rf1 Rh2+ 45. Kc3 h4 46. Be3 Rh3 47. Kd2 Rh2+ 48. Ke1 Ra2 49. Rh1 Rxa3 50. Ke2 Ra2+ 51. Bd2 a6 52. bxa6 bxa6 53. Rxh4 Bb5 54. Bxb5 axb5 55. Rh7+ Kg6 56. Rb7 Rb2 57. Kd3 Kf6 58. Kc3 Rb1 59. Kc2 Rf1 60. Rxb5 Rf2 61. Rb6 Re2 62. Kd3 Rf2 63. Rb8 Rf3+ 64. Be3 Rf1 65. Rf8+ Ke7 66. Rg8 Re1 67. Rg7+ Kd6 68. Bd2 Rf1 69. Bb4+ Kc6 70. Re7 Rf3+ 71. Ke2 Rxf4 72. Rxe6+ Kb5 73. Bc5 Kc4 74. Ke3 Re4+ 75. Rxe4 fxe4 76. Ba7 Kc3 77. Bb8 Kc4 78. Be5 Kc3 79. Bf6 Kc4 80. Kd2 Kb3 81. Be7 Kc4 82. Bc5 Kb3 83. Ke3 Kc4 84. Be7 Kc3 85. Bh4 Kc4 86. Bf2 Kc3 87. Kf4 1-0

[Event "Titled Tuesday intern op 26th Jul Early"]
[Site "Chess.com INT"]
[Date "2022.07.26"]
[Round "8"]
[White "Makovec, Bruno"]
[Black "Narva, Mai"]
[Result "1/2-1/2"]
[WhiteElo "2258"]
[BlackElo "2385"]
[PlyCount "71"]
[EventDate "2022.07.26"]
[EventType "swiss (blitz)"]
[EventRounds "11"]
[EventCountry "USA"]
[SourceTitle "EXT 2023"]
[Source "ChessBase"]
[SourceDate "2022.10.05"]
[SourceVersion "1"]
[SourceVersionDate "2022.10.05"]
[SourceQuality "1"]

1. d4 g6 2. c4 Bg7 3. Nf3 Nf6 4. Nc3 0-0 5. e4 d6 6. Be2 Nbd7 7. 0-0 c5 8. e5 Ne8 9. exd6 Nxd6 10. d5 Ne5 11. Nxe5 Bxe5 12. Bh6 Re8 13. Qd2 e6 14. Rad1 Qh4 15. g3 Qh3 16. Bf3 Nf5 17. Bf4 Bg7 18. Bg2 Qh5 19. d6 e5 20. Bg5 Nd4 21. f3 h6 22. Be7 Rxe7 23. dxe7 Be6 24. Nd5 Re8 25. Nc7 Rxe7 26. Nxe6 Rxe6 27. b3 f5 28. Rde1 Kh7 29. Qa5 e4 30. fxe4 fxe4 31. Qc7 Ne2+ 32. Kh1 Rc6 33. Qb8 Re6 34. Qc7 Rc6 35. Qb8 Re6 36. Qc7 1/2-1/2

[Event "Titled Tuesday intern op 26th Jul Early"]
[Site "Chess.com INT"]
[Date "2022.07.26"]
[Round "1"]
[White "Maksimovic, Bojan"]
[Black "Makovec, Bruno"]
[Result "1-0"]
[WhiteElo "2465"]
[BlackElo "2258"]
[PlyCount "39"]
[EventDate "2022.07.26"]
[EventType "swiss (blitz)"]
[EventRounds "11"]
[EventCountry "USA"]
[SourceTitle "EXT 2023"]
[Source "ChessBase"]
[SourceDate "2022.10.05"]
[SourceVersion "1"]
[SourceVersionDate "2022.10.05"]
[SourceQuality "1"]

1. e4 c6 2. Nf3 d5 3. d3 dxe4 4. dxe4 Qxd1+ 5. Kxd1 f6 6. Nfd2 e5 7. f3 Be6 8. Bc4 Bxc4 9. Nxc4 Nd7 10. c3 Nb6 11. Nxb6 axb6 12. Kc2 Bd6 13. Be3 b5 14. Nd2 Ne7 15. Rhd1 0-0 16. Nb3 Rfd8 17. Bb6 Kf7 18. Bxd8 Rxd8 19. Na5 b6 20. Nb7 1-0

[Event "Pula op 34th"]
[Site "Pula"]
[Date "2022.06.24"]
[Round "8"]
[White "Makovec, Bruno"]
[Black "Fercec, Nenad"]
[Result "1-0"]
[WhiteElo "2217"]
[BlackElo "2416"]
[PlyCount "159"]
[EventDate "2022.06.18"]
[EventType "swiss"]
[EventRounds "9"]
[EventCountry "CRO"]
[SourceTitle "CBM 209 Extra"]
[Source "ChessBase"]
[SourceDate "2022.09.30"]
[SourceVersion "1"]
[SourceVersionDate "2022.09.30"]
[SourceQuality "1"]

1. d4 Nf6 2. c4 e6 3. Nf3 b6 4. g3 Bb7 5. Bg2 g6 6. Nc3 Bg7 7. d5 exd5 8. cxd5 0-0 9. 0-0 Re8 10. Nd4 c5 11. dxc6 dxc6 12. Bf4 Qc8 13. Bxb8 Rxb8 14. Qa4 c5 15. Bxb7 Rxb7 16. Nf3 Rbe7 17. Rad1 a6 18. e3 b5 19. Qc2 Qc6 20. Qe2 h6 21. b3 b4 22. Nb1 Ne4 23. Nfd2 Nc3 24. Nxc3 bxc3 25. Nc4 Re6 26. Rd3 h5 27. h4 f5 28. Rfd1 R8e7 29. Rd5 Kh7 30. Qd3 Bd4 31. Rd8 Qf3 32. Qf1 f4 33. gxf4 Qg4+ 34. Kh2 Qxh4+ 35. Kg2 Qg4+ 36. Kh2 Qf3 37. Re1 Qg4 38. Qh3 Qxh3+ 39. Kxh3 Ra7 40. Rc1 Bg7 41. Rd5 a5 42. Ne5 a4 43. Rxc3 axb3 44. axb3 Ra2 45. Kg2 g5 46. Rcxc5 gxf4 47. exf4 Rb2 48. Nc4 Rg6+ 49. Rg5 Rxb3 50. Rxg6 Kxg6 51. Rg5+ Kf6 52. Rxh5 Rb4 53. Rc5 Kf7 54. Kf3 Bd4 55. Rc7+ Ke6 56. Ne3 Rb2 57. Rc6+ Kd7 58. Rc4 Bb6 59. Rc2 Rxc2 60. Nxc2 Ke6 61. Ne3 Bd4 62. Ke4 Bb2 63. f5+ Kf7 64. Nd5 Ba1 65. Kf4 Bd4 66. f3 Bb2 67. Ke4 Ba1 68. Kf4 Bb2 69. Kg4 Bc1 70. Nc3 Bb2 71. Ne4 Bc1 72. f4 Be3 73. Kg5 Bc1 74. f6 Ke6 75. Nc5+ Kf7 76. Nd3 Ba3 77. Kf5 Bd6 78. Ne5+ Kf8 79. Ke6 Ba3 80. f5 1-0

[Event "CRO-chT Div1B qual"]
[Site "Crikvenica"]
[Date "2020.11.21"]
[Round "1.2"]
[White "Bozanic, Ivica"]
[Black "Makovec, Bruno"]
[Result "1-0"]
[WhiteElo "2162"]
[BlackElo "2262"]
[PlyCount "97"]
[EventDate "2020.11.21"]
[EventType "team-tourn"]
[EventRounds "3"]
[EventCountry "CRO"]
[SourceTitle "EXT 2022"]
[Source "ChessBase"]
[SourceDate "2021.10.06"]
[SourceVersion "1"]
[SourceVersionDate "2021.10.06"]
[SourceQuality "1"]

1. e4 c5 2. Nf3 d6 3. Bb5+ Nd7 4. c3 Ngf6 5. Qe2 a6 6. Ba4 b5 7. Bc2 Bb7 8. d4 e6 9. 0-0 Be7 10. a4 0-0 11. Re1 Bc6 12. Nbd2 Rb8 13. axb5 axb5 14. e5 Nd5 15. exd6 Bxd6 16. Ne4 Be7 17. Neg5 N5f6 18. Nxe6 Bxf3 19. Nxd8 Bxe2 20. Nc6 Rbe8 21. Rxe2 Bd6 22. Be3 Ng4 23. h3 Nxe3 24. Rxe3 Rxe3 25. fxe3 Rc8 26. Ra6 Nb8 27. Nxb8 Bxb8 28. Bf5 Rd8 29. Kf1 g6 30. Bg4 b4 31. Ra8 bxc3 32. bxc3 cxd4 33. exd4 Kg7 34. Ke2 Bc7 35. Rxd8 Bxd8 36. c4 f5 37. Bf3 Kf6 38. Kd3 Ke6 39. c5 Ba5 40. Kc4 h5 41. Kb5 Bc3 42. d5+ Kd7 43. Bd1 h4 44. Ba4 Be5 45. Kb6+ Ke7 46. Kc6 g5 47. Bc2 g4 48. Bxf5 gxh3 49. Bxh3 1-0

[Event "Medimurska CupT"]
[Site "Croatia"]
[Date "2019.03.03"]
[Round "4.1"]
[White "Vidovic, Sasa"]
[Black "Makovec, Bruno"]
[Result "1-0"]
[WhiteElo "2233"]
[BlackElo "2225"]
[PlyCount "51"]
[EventDate "2019.02.10"]
[EventType "team-swiss"]
[EventRounds "6"]
[EventCountry "CRO"]
[SourceTitle "EXT 2020"]
[Source "ChessBase"]
[SourceDate "2019.10.17"]
[SourceVersion "1"]
[SourceVersionDate "2019.10.17"]
[SourceQuality "1"]

1. d4 Nf6 2. Bg5 e6 3. e4 h6 4. Bxf6 Qxf6 5. Nf3 d6 6. Nc3 Nd7 7. Qd2 Qd8 8. 0-0-0 Be7 9. Kb1 0-0 10. g4 e5 11. Rg1 Bg5 12. Nxg5 hxg5 13. h4 exd4 14. Qxd4 Ne5 15. Be2 Be6 16. Qe3 f6 17. f4 gxf4 18. Qxf4 g5 19. Qe3 a6 20. Rh1 Ng6 21. hxg5 fxg5 22. Rh5 Kg7 23. Rdh1 Bg8 24. Nd5 Nh4 25. Rxg5+ Ng6 26. Rxg6+ 1-0

[Event "CRO-chT U20 26th"]
[Site "Sv Filip i Jakov"]
[Date "2018.04.04"]
[Round "3.14"]
[White "Muha, Miljenko"]
[Black "Makovec, Bruno"]
[Result "1-0"]
[WhiteElo "2395"]
[BlackElo "2313"]
[PlyCount "153"]
[EventDate "2018.04.03"]
[EventType "team-swiss"]
[EventRounds "11"]
[EventCountry "CRO"]
[SourceTitle "CBM 184 Extra"]
[Source "ChessBase"]
[SourceDate "2018.06.28"]
[SourceVersion "1"]
[SourceVersionDate "2018.06.28"]
[SourceQuality "1"]

1. d4 Nf6 2. Nf3 e6 3. Bg5 c5 4. c3 Nc6 5. e3 Be7 6. Bd3 cxd4 7. cxd4 d5 8. Nc3 0-0 9. 0-0 b6 10. Rc1 Bb7 11. a3 Rc8 12. Qe2 Nh5 13. Bxe7 Qxe7 14. Ne5 Nf6 15. f4 Nb8 16. Qf3 Ba6 17. Bxa6 Nxa6 18. Rc2 Ne4 19. Rfc1 Nxc3 20. Rxc3 Rxc3 21. Rxc3 f6 22. Nd3 Qd7 23. h3 g6 24. Qd1 Rc8 25. Rxc8+ Qxc8 26. g4 Qc6 27. h4 Nc7 28. h5 Kg7 29. g5 f5 30. Ne5 Qb7 31. h6+ Kg8 32. Qa4 b5 33. Qb4 Ne8 34. Qa5 Qc8 35. Qxb5 Qc1+ 36. Kf2 Qd2+ 37. Qe2 Qc1 38. Nd3 Qb1 39. Nc5 Kf7 40. b3 Qh1 41. Qf1 Qh2+ 42. Qg2 Qh5 43. Ke1 Nd6 44. Kd2 a5 45. Kc2 Ne4 46. Nxe4 fxe4 47. a4 Ke7 48. Kb2 Kd7 49. Qd2 Qf3 50. Ka2 Qh3 51. Qc1 Qg2+ 52. Qb2 Qf1 53. Qd2 Qf3 54. Ka3 Qg3 55. Qe2 Qf3 56. Qb5+ Kd6 57. Qc5+ Kd7 58. Qa7+ Kd6 59. Qc5+ Kd7 60. Qc3 Qe2 61. b4 Qd3 62. Qb3 axb4+ 63. Kxb4 Qd2+ 64. Qc3 Qd1 65. a5 Qf1 66. Ka3 Qb5 67. Qb4 Qd3+ 68. Qb3 Qf1 69. Qb7+ Kd6 70. a6 Qa1+ 71. Kb4 Qa2 72. Kb5 Qb3+ 73. Ka5 Qa3+ 74. Kb6 Qb3+ 75. Ka7 Qxe3 76. Kb8 Qxd4 77. Qc7# 1-0

[Event "Medjimurske Team Cup"]
[Site "Nedelisce"]
[Date "2018.03.18"]
[Round "6.1"]
[White "Zadravec, Stjepan"]
[Black "Makovec, Bruno"]
[Result "0-1"]
[WhiteElo "1885"]
[BlackElo "2328"]
[PlyCount "124"]
[EventDate "2018.02.11"]
[EventType "team-swiss"]
[EventRounds "6"]
[EventCountry "CRO"]
[SourceTitle "CBM 183 Extra"]
[Source "ChessBase"]
[SourceDate "2018.04.19"]
[SourceVersion "1"]
[SourceVersionDate "2018.04.19"]
[SourceQuality "1"]

1. e4 c5 2. Nf3 d6 3. d4 cxd4 4. Nxd4 Nf6 5. Nc3 a6 6. a4 e5 7. Nb3 Be6 8. Be2 Be7 9. 0-0 Nbd7 10. Be3 0-0 11. f3 Nb6 12. Nd2 d5 13. a5 d4 14. axb6 dxe3 15. Nc4 Bxc4 16. Bxc4 Qxb6 17. Qe2 Rac8 18. Bb3 Rfd8 19. Nd5 Nxd5 20. exd5 Qd4 21. Rab1 b5 22. Kh1 Qb6 23. c3 a5 24. Rbd1 Bc5 25. Bc2 b4 26. c4 b3 27. Bd3 a4 28. Rb1 Re8 29. g4 Bd4 30. Kg2 Ra8 31. Qd1 a3 32. bxa3 Rxa3 33. Re1 Rea8 34. Re2 b2 35. Qc2 g6 36. Be4 Qc5 37. d6 Rd8 38. Bd5 Qxd6 39. Qe4 Ra1 40. Rbxb2 Bxb2 41. Rxb2 Rb8 42. Re2 Ra3 43. Rxe3 Rxe3 44. Qxe3 Rb2+ 45. Kg3 Kg7 46. Qc3 Ra2 47. Be4 Qc5 48. Qe1 Qxc4 49. Qg1 Qe2 50. h4 Rd2 51. Kh3 Rd1 52. Qh2 Qf1+ 53. Qg2 Qe1 54. Qb2 Qf1+ 55. Qg2 Qc4 56. Qb2 Qd4 57. Qxd4 exd4 58. Kg3 Kf6 59. Kf4 Rh1 60. Kg3 h6 61. f4 Re1 62. Bf3 d3 0-1

[Event "CRO-ch U19"]
[Site "Vinkovci"]
[Date "2017.07.27"]
[Round "6"]
[White "Makovec, Bruno"]
[Black "Starcevic, Ante Leon"]
[Result "1/2-1/2"]
[WhiteElo "2193"]
[BlackElo "2102"]
[PlyCount "38"]
[EventDate "2017.07.24"]
[EventType "swiss"]
[EventRounds "9"]
[EventCountry "CRO"]
[SourceTitle "EXT 2018"]
[Source "ChessBase"]
[SourceDate "2017.10.13"]
[SourceVersion "1"]
[SourceVersionDate "2017.10.13"]
[SourceQuality "1"]

1. e4 c5 2. Nf3 Nc6 3. d4 cxd4 4. Nxd4 Qb6 5. Nb3 Nf6 6. Nc3 e6 7. Be3 Qc7 8. g3 Bb4 9. Bd2 a6 10. a3 Be7 11. Bg2 0-0 12. 0-0 d6 13. f4 b5 14. Qe2 Rb8 15. Be3 b4 16. axb4 Nxb4 17. Kh1 Bd7 18. Qd2 Rfd8 19. Nd4 Nc6 1/2-1/2

[Event "CRO-chT U20"]
[Site "Sv Filip i Jakov"]
[Date "2017.04.23"]
[Round "7.1"]
[White "Golub, Nikolina"]
[Black "Makovec, Bruno"]
[Result "0-1"]
[WhiteElo "1881"]
[BlackElo "2186"]
[PlyCount "98"]
[EventDate "2017.04.18"]
[EventType "team-tourn"]
[EventRounds "7"]
[EventCountry "CRO"]
[SourceTitle "EXT 2019"]
[Source "ChessBase"]
[SourceDate "2018.10.10"]
[SourceVersion "1"]
[SourceVersionDate "2018.10.10"]
[SourceQuality "1"]

1. c4 c5 2. Nf3 Nc6 3. d4 cxd4 4. Nxd4 g6 5. Nc3 Bg7 6. Nxc6 bxc6 7. e4 d6 8. Be2 Nf6 9. 0-0 0-0 10. Qc2 c5 11. Bf4 Nd7 12. Rfd1 Ne5 13. Bg3 Nc6 14. Qd2 Nd4 15. Bf1 Rb8 16. Rab1 Bg4 17. Re1 a6 18. Ne2 Nc6 19. f3 Bd7 20. Nf4 a5 21. Nd3 Be6 22. Nf4 Bd7 23. Nd3 Bd4+ 24. Bf2 e5 25. Bxd4 Nxd4 26. Nf2 Be6 27. Nd1 Qb6 28. Ne3 Qb4 29. Qf2 Kg7 30. Nd5 Qb7 31. Qd2 a4 32. f4 f6 33. Bd3 Qa7 34. Rf1 Bxd5 35. exd5 Rbe8 36. fxe5 Rxe5 37. Rfe1 Rfe8 38. Rxe5 Rxe5 39. Re1 Qe7 40. Rxe5 Qxe5 41. h3 Qg3 42. Kf1 f5 43. Bc2 a3 44. b3 f4 45. Bd1 Qe3 46. Qa5 Nf5 47. Qc7+ Kh6 48. g4 fxg3 49. Bg4 Qf2# 0-1

[Event "CRO-chT U20"]
[Site "Sv Filip i Jakov"]
[Date "2017.04.19"]
[Round "2.2"]
[White "Makovec, Bruno"]
[Black "Safar, Sandro"]
[Result "1/2-1/2"]
[WhiteElo "2186"]
[BlackElo "2126"]
[PlyCount "77"]
[EventDate "2017.04.18"]
[EventType "team-tourn"]
[EventRounds "7"]
[EventCountry "CRO"]
[SourceTitle "EXT 2019"]
[Source "ChessBase"]
[SourceDate "2018.10.10"]
[SourceVersion "1"]
[SourceVersionDate "2018.10.10"]
[SourceQuality "1"]

1. d4 Nf6 2. c4 d6 3. Nf3 g6 4. Nc3 Bg7 5. e4 0-0 6. Be2 c6 7. 0-0 e5 8. d5 Na6 9. Be3 Ng4 10. Bg5 f6 11. Bh4 Qc7 12. Ne1 Nh6 13. f3 Qb6+ 14. Bf2 c5 15. a3 Bd7 16. b4 Rac8 17. Nd3 Qc7 18. Nb5 Qb8 19. Rb1 b6 20. a4 f5 21. a5 Bxb5 22. cxb5 Nc7 23. bxc5 dxc5 24. exf5 Nxf5 25. f4 exf4 26. Nxf4 Be5 27. Nd3 Nxd5 28. Nxe5 Qxe5 29. Bc4 Rcd8 30. Re1 Qd6 31. Qb3 Nd4 32. Qd3 Rxf2 33. Bxd5+ Qxd5 34. Kxf2 Rf8+ 35. Kg1 Nf3+ 36. Qxf3 Rxf3 37. gxf3 Qxf3 38. axb6 axb6 39. Rf1 1/2-1/2